00686nam a22002057a 450000500170000001000130001702000240003003500130005403700160006704000120008308200160009510000180011124500550012926000480018427000770023230000320030950000530034165000450039465000410043920170124110233.0 aB-079938 c1600.00a8173051070 aB-079938 bCen Lib/Ret aDPLbEN a954.11bAGR aAgrawal, R. C aKashmir and its monumental glory /cby R C Agrawal aNew Delhi bAryan Books Internationalc1998 a4378/4B, Pooja Apartments 4, Ansari Road, Darya GanjbNew Delhi e110002 axxv,208p. :c28cm(Hb)bill. aIncludes bibliographical references and index  aJammu and Kashmir (India) -- Antiquities aJammu and Kashmir (India) -- History